| 000 | 00562nam a2200169Ia 4500 | ||
|---|---|---|---|
| 008 | 190805s9999||||xx |||||||||||||| ||und|| | ||
| 020 |
_a9781408088463 _c£ 52.99 |
||
| 082 | 0 | 4 |
_a658.72 _bW4188 |
| 100 | 1 | _aWeele, Arjan J. Van | |
| 245 | 1 | 0 |
_aPurchasing and Supply Chain Chain Management: Analysis, Strategy, Planning and Practice / _cArjan J. Van Weele |
| 250 | _a6th ed. | ||
| 260 |
_aHampshire : _bCengage Learning, _c2014 |
||
| 300 |
_axxvii, 438 p. _b : col. Ill. _c; 26 cm. |
||
| 650 | 0 |
_aPurchasing _xManagement |
|
| 942 | _cBK | ||
| 999 |
_c180 _d180 |
||